How Much Do You Know About Utah? - Statistics

General Stats
  • This quiz has been taken 395 times
  • The average score is 12 of 38
Answer Stats
Hint Answer % Correct
National Park Zion
92%
National Park Arches
82%
National Park Bryce Canyon
72%
What state holiday is held on July 24? Pioneer Day
70%
State Symbol Beehive
68%
Utah was the _ state to enter the Union. 45
61%
National Park Canyonlands
55%
What year did Utah enter the Union 1896
48%
State Bird California Seagull
44%
Nation's First "Department Store" Zion's Co-operative Mercantile Institution (ZCMI)
43%
Highest Point Kings Peak
42%
National Park Capitol Reef
39%
State Flower Sego Lily
39%
State Tree Aspen
36%
National Historic Trail California
34%
National Forest Uinta
34%
National Historic Site Golden Spike
28%
The U.S. government owns _ percent of Utah's land. 65
25%
National Historic Trail Mormon Pioneer
25%
State Gem Topaz
24%
National Forest Fishlake
17%
National Monument Dinosaur
15%
National Forest Dixie
15%
National Recreation Area Glen Canyon
15%
National Forest Ashley
14%
National Monument Grand Staircase-Escalante
14%
National Monument Timpanogos Cave
14%
National Monument Cedar Breaks
13%
National Forest Manti-LaSal
12%
National Historic Trail Pony Express
12%
State Animal Rocky Mountain Elk
10%
State Fish Bonneville Cutthroat Trout
8%
National Monument Natural Bridges
8%
National Monument Rainbow Bridge
8%
National Forest Wasatch-Cache
8%
National Monument Hovenweep
7%
Lowest Point Beaver Dam Wash
6%
National Historic Trail Old Spanish
3%
No matching quizzes found
Score Distribution
Percent of People with Each Score
Percentile by Number Answered
Your Score History
You have not taken this quiz